000 00582nam a2200229Ia 4500
003 OSt
005 20220918214741.0
006 a|||||r|||| 00| 0
007 ta
008 220917b |||||||| |||| 00| 0 eng d
024 _a138,817
037 _cTextual
040 _aARTS
_cARTS
_beng
041 _2eng
_aeng
082 _aY1.2..K5, J9-;1
100 _aAshraf K M
_9132421
245 0 _aLife and conditions of the people of Hindustan
260 _c1959
650 _aSOCIOLOGY
942 _hY1.2..K5, J9-;1
_cTEXL
_2CC
999 _c261867
_d261867